Loading...
Ionesco: a study of his plays /
| Main Author: | |
|---|---|
| Format: | Printed Book |
| Language: | English |
| Published: |
London:
Methuen,
c1967,1971.
|
| Subjects: |
| LEADER | 00535 a2200157 4500 | ||
|---|---|---|---|
| 008 | 150103s9999 000 0 eng | ||
| 020 | |a 041608740X | ||
| 082 | |a 842.91209 | ||
| 100 | |a Coe, Richard N. | ||
| 245 | |a Ionesco: a study of his plays / | ||
| 260 | |a London: |b Methuen, |c c1967,1971. | ||
| 300 | |a 206 p. | ||
| 650 | |a Ionesco, Eugene. | ||
| 942 | |c BK | ||
| 999 | |c 301989 |d 301989 | ||
| 952 | |0 0 |1 0 |2 ddc |4 0 |6 842_912090000000000_COE_IO |7 0 |9 345348 |a DRA |b DRA |c ST1 |d 2010-09-24 |i 567 |l 2 |o 842.91209 COE/IO |p DRA567 |r 2020-02-24 |s 2020-02-17 |w 2010-09-24 |y BK | ||